Democracy, disenchantment, and the future in El Salvador /
Shranjeno v:
| Glavni avtor: | |
|---|---|
| Format: | Texto |
| Oznake: |
Označite
Brez oznak, prvi označite!
|
MARC
| LEADER | 00000 a a2200000 04500 | ||
|---|---|---|---|
| 001 | 46372 | ||
| 003 | |||
| 040 | |||
| 100 | |a Moodie, Ellen | ||
| 245 | |a Democracy, disenchantment, and the future in El Salvador / |c Ellen Moodie | ||
| 773 | |g páginas 96-112 : fotos | ||
| 999 | |c 20779 |d 20779 | ||
